<?xml version="1.0" encoding="UTF-8"?>
<collection xmlns="http://www.loc.gov/MARC21/slim">
<record>
  <controlfield tag="001">96186</controlfield>
  <controlfield tag="005">20210902121856.0</controlfield>
  <datafield tag="024" ind1="7" ind2=" ">
    <subfield code="2">doi</subfield>
    <subfield code="a">10.20960/nh.03203</subfield>
  </datafield>
  <datafield tag="024" ind1="8" ind2=" ">
    <subfield code="2">sideral</subfield>
    <subfield code="a">120585</subfield>
  </datafield>
  <datafield tag="037" ind1=" " ind2=" ">
    <subfield code="a">ART-2020-120585</subfield>
  </datafield>
  <datafield tag="041" ind1=" " ind2=" ">
    <subfield code="a">spa</subfield>
  </datafield>
  <datafield tag="100" ind1=" " ind2=" ">
    <subfield code="a">Martín Ruiz, Nuria</subfield>
  </datafield>
  <datafield tag="245" ind1=" " ind2=" ">
    <subfield code="a">Encuesta sobre detección de hipoglucemia y uso de glucómetros portátiles: ¿qué glucómetro es el más usado en las unidades neonatales españolas?</subfield>
  </datafield>
  <datafield tag="260" ind1=" " ind2=" ">
    <subfield code="c">2020</subfield>
  </datafield>
  <datafield tag="506" ind1="0" ind2=" ">
    <subfield code="a">Access copy available to the general public</subfield>
    <subfield code="f">Unrestricted</subfield>
  </datafield>
  <datafield tag="520" ind1="3" ind2=" ">
    <subfield code="a">Introducción y objetivos:
la hipoglucemia neonatal sigue ofreciendo múltiples controversias. El objetivo del estudio es presentar la situación actual en torno a la forma de detección de la hipoglucemia neonatal y conocer el glucómetro portátil más utilizado en las unidades neonatales españolas en la actualidad. 
Métodos:
se elaboró un cuestionario “online” sobre el uso de glucómetros en neonatos y los dispositivos más utilizados, que fue enviado a los integrantes de la Sociedad Española de Neonatología. Participaron 75 centros. 
Resultados:
los glucómetros portátiles siguen teniendo un uso generalizado en la población neonatal. Más del 75 % de las unidades realizan un despistaje de la hipoglucemia neonatal en circunstancias clínicas concretas; el 13 % de los centros lo continúan realizando a todos los recién nacidos en las unidades neonatales. A mayor nivel asistencial, mayor es el porcentaje de detección de la hipoglucemia por otros sistemas de análisis (como gasometrías capilares):
chi2, p = 0, 019. Se usan múltiples modelos de glucómetro actualmente, encontrándose diferencias según el nivel asistencial (chi2, p = 0, 01), siendo los modelos de la firma Nova Biomedical, Abbott y Roche Diagnostics los más usados. Conclusiones:
se observa que existen diferencias en la realización del despistaje de la hipoglucemia neonatal, por lo que es de gran importancia consensuar los procedimientos y acotar la población neonatal de mayor riesgo, para disminuir la variabilidad en la práctica clínica y mejorar la calidad de la asistencia neonatal. 

Introduction and objective:
neonatal hypoglycemia persistently offers multiple diagnostic controversies. This study aims to present the current situation regarding neonatal hypoglycaemia detection, and to gain insight into the most widely used portable glucometers in neonatal units today. 
Methods:
an online questionnaire was prepared and sent to the members of the Spanish Society of Neonatology; a total of 75 hospitals par-ticipated. 
Results:
portable glucometers continue to be widely used in the neonatal population. More than 75 % of units perform neonatal hypoglycemia screening in specific clinical circumstances, and 13 % of units continue to perform protocolized screening on all newborns at neonatal units. The higher the level of care, the higher the percentage of hypoglycaemia detection by other tests (such as blood gas analysis):
chi2, p = 0.019. Multiple models of portable glucometers are currently used, with differences according to level of care (chi2, p = 0.01). Nova Biomedical, Abbott, and Roche Diagnostics models are most commonly used. 
Conclusions:
differences in the performance of neonatal hypoglycaemia screening are observed, so standardised procedures and limiting the neonatal population at risk are important to reduce variability in clinical practice, and to improve the quality of neonatal care.</subfield>
  </datafield>
  <datafield tag="540" ind1=" " ind2=" ">
    <subfield code="9">info:eu-repo/semantics/openAccess</subfield>
    <subfield code="a">by-nc-sa</subfield>
    <subfield code="u">http://creativecommons.org/licenses/by-nc-sa/3.0/es/</subfield>
  </datafield>
  <datafield tag="590" ind1=" " ind2=" ">
    <subfield code="a">1.057</subfield>
    <subfield code="b">2020</subfield>
  </datafield>
  <datafield tag="591" ind1=" " ind2=" ">
    <subfield code="a">NUTRITION &amp; DIETETICS</subfield>
    <subfield code="b">77 / 88 = 0.875</subfield>
    <subfield code="c">2020</subfield>
    <subfield code="d">Q4</subfield>
    <subfield code="e">T3</subfield>
  </datafield>
  <datafield tag="592" ind1=" " ind2=" ">
    <subfield code="a">0.31</subfield>
    <subfield code="b">2020</subfield>
  </datafield>
  <datafield tag="593" ind1=" " ind2=" ">
    <subfield code="a">Nutrition and Dietetics</subfield>
    <subfield code="c">2020</subfield>
    <subfield code="d">Q3</subfield>
  </datafield>
  <datafield tag="593" ind1=" " ind2=" ">
    <subfield code="a">Medicine (miscellaneous)</subfield>
    <subfield code="c">2020</subfield>
    <subfield code="d">Q3</subfield>
  </datafield>
  <datafield tag="655" ind1=" " ind2="4">
    <subfield code="a">info:eu-repo/semantics/article</subfield>
    <subfield code="v">info:eu-repo/semantics/publishedVersion</subfield>
  </datafield>
  <datafield tag="700" ind1=" " ind2=" ">
    <subfield code="a">Rite Gracia, Segundo</subfield>
    <subfield code="u">Universidad de Zaragoza</subfield>
    <subfield code="0">(orcid)0000-0002-9641-0324</subfield>
  </datafield>
  <datafield tag="700" ind1=" " ind2=" ">
    <subfield code="a">García Íñiguez, Juan Pablo</subfield>
  </datafield>
  <datafield tag="700" ind1=" " ind2=" ">
    <subfield code="a">Samper Villagrasa, María Pilar</subfield>
    <subfield code="u">Universidad de Zaragoza</subfield>
    <subfield code="0">(orcid)0000-0001-5492-3191</subfield>
  </datafield>
  <datafield tag="710" ind1="2" ind2=" ">
    <subfield code="1">1011</subfield>
    <subfield code="2">670</subfield>
    <subfield code="a">Universidad de Zaragoza</subfield>
    <subfield code="b">Dpto. Microb.Ped.Radio.Sal.Pú.</subfield>
    <subfield code="c">Área Pediatría</subfield>
  </datafield>
  <datafield tag="773" ind1=" " ind2=" ">
    <subfield code="g">37, 5 (2020), 909-917</subfield>
    <subfield code="p">Nutr. hosp.</subfield>
    <subfield code="t">Nutricion Hospitalaria</subfield>
    <subfield code="x">0212-1611</subfield>
  </datafield>
  <datafield tag="856" ind1="4" ind2=" ">
    <subfield code="s">780543</subfield>
    <subfield code="u">http://zaguan.unizar.es/record/96186/files/texto_completo.pdf</subfield>
    <subfield code="y">Versión publicada</subfield>
  </datafield>
  <datafield tag="856" ind1="4" ind2=" ">
    <subfield code="s">28423</subfield>
    <subfield code="u">http://zaguan.unizar.es/record/96186/files/texto_completo.jpg?subformat=icon</subfield>
    <subfield code="x">icon</subfield>
    <subfield code="y">Versión publicada</subfield>
  </datafield>
  <datafield tag="909" ind1="C" ind2="O">
    <subfield code="o">oai:zaguan.unizar.es:96186</subfield>
    <subfield code="p">articulos</subfield>
    <subfield code="p">driver</subfield>
  </datafield>
  <datafield tag="951" ind1=" " ind2=" ">
    <subfield code="a">2021-09-02-10:32:24</subfield>
  </datafield>
  <datafield tag="980" ind1=" " ind2=" ">
    <subfield code="a">ARTICLE</subfield>
  </datafield>
</record>
</collection>